Statystyki dla Najwięcej bramek w niemieckiej rep. piłki nożnej

Kliknij tutaj aby rozwiązać quiz!

Ogólne statystyki

  • Ten quiz został rozwiązany 167 razy
  • Średni wynik to 5 z 10

Statystyki odpowiedzi

Liczba goliPiłkarz% Poprawnych
68Gerd Müller
99%
38Thomas Müller
99%
71Miroslav Klose
89%
49Lukas Podolski
69%
42Michael Ballack
31%
47Jürgen Klinsmann
23%
45Karl-Heinz
Rummenigge
21%
37Oliver Bierhoff
21%
47Rudi Völler
21%
43Uwe Seeler
10%

Rozkład punktacji

Percentyl według liczby udzielonych odpowiedzi

Procent ludzi z każdym wynikiem

Twoja historia wyników

Nie rozwiązałeś tego quizu